000
00195 a2200097 4500
001
2527
100
_a
Stewart, O
245
_a
Danger in the Air
260
_a
_b
Routledge
_c
090
_c
1824
_d
1824
942
_a
NUST-CAE
_c
M
_c
9158
999
_c
237600
_d
237600